| 000 | 00512nam a2200169 a 4500 | ||
|---|---|---|---|
| 001 | BRCA_772 | ||
| 005 | 20190320203138.0 | ||
| 008 | 111005s2005----mx-a---###---#000-0#spa-d | ||
| 020 | _a9685756228 | ||
| 050 | 4 |
_aNK7309.8 _b.M37 2005 |
|
| 100 | 1 |
_aMartínez del Río de Redo, Marita _92571 |
|
| 245 | 1 | 0 |
_aLas perlas grises del mar de Cortés _cMarita Martínez del Río de Redo. |
| 260 |
_aMéxico _bMéxico Desconocido _c2005 |
||
| 300 |
_a142 p. _bil. _c20 cm. |
||
| 650 | 1 | 4 |
_aPerlas _xHistoria _92572 |
| 942 |
_2lcc _cB |
||
| 999 |
_c669 _d669 |
||